Normal view
MARC view
- Montgomery,Douglas.C
Entry Personal Name
001 - CONTROL NUMBER
- control field: 577
003 - CONTROL NUMBER IDENTIFIER
- control field: OSt
005 - DATE AND TIME OF LATEST TRANSACTION
- control field: 20160624144517.0
008 - FIXED-LENGTH DATA ELEMENTS
- fixed length control field: 160624|| aca||aabn | a|a d
040 ## - CATALOGING SOURCE
- Original cataloging agency: OSt
- Transcribing agency: OSt
100 ## - HEADING--PERSONAL NAME
- Personal name: Montgomery,Douglas.C
670 ## - SOURCE DATA FOUND
- Source citation: Work cat.: (OSt): Hines,William.W 576, Probability And Statistics in Engineering, 2014
